Poesía cortesana (Record no. 179937)

MARC details
000 -LEADER
campo de control de longitud fija 00900cam a2200253 4500
001 - NÚMERO DE CONTROL
campo de control 179937
003 - IDENTIFICADOR DE NÚMERO DE CONTROL
campo de control ES-MaACL
005 - FECHA Y HORA DE LA ÚLTIMA TRANSACCIÓN
campo de control 20240607104416.0
008 - DATOS DE LONGITUD FIJA--INFORMACIÓN GENERAL
campo de control de longitud fija 120305s2009 sp | |||||||| | spa d
020 ## - NÚMERO INTERNACIONAL ESTÁNDAR DEL LIBRO
Número Internacional Estándar del Libro 978-84-96452-64-0
080 ## - NÚMERO DE LA CLASIFICACIÓN DECIMAL UNIVERSAL
Número de la Clasificación Decimal Universal 821.134.2-14"14"
245 00 - MENCIÓN DEL TÍTULO
Título Poesía cortesana
Resto del título : (siglo XV) /
Mención de responsabilidad, etc. Rodrigo Manrique, Gómez Manrique, Jorge Manrique ; edición de Vicenç Beltrán.
260 ## - PUBLICACIÓN, DISTRIBUCIÓN, ETC.
Lugar de publicación, distribución, etc. Madrid :
Nombre del editor, distribuidor, etc. Fundación José Antonio de Castro,
Fecha de publicación, distribución, etc. 2009.
300 ## - DESCRIPCIÓN FÍSICA
Extensión XLIII, 560 p. ;
Dimensiones 23 cm.
490 1# - MENCIÓN DE SERIE
Mención de serie Biblioteca Castro
650 #7 - PUNTO DE ACCESO ADICIONAL DE MATERIA--TÉRMINO DE MATERIA
Término de materia o nombre geográfico como elemento de entrada Poesías españolas-
Subdivisión cronológica Hasta S.XV.
9 (RLIN) 152332
700 1# - ENTRADA AGREGADA--NOMBRE PERSONAL
Nombre de persona Manrique, Rodrigo (
Fechas asociadas al nombre 1406-1476)
9 (RLIN) 149510
700 1# - ENTRADA AGREGADA--NOMBRE PERSONAL
Nombre de persona Manrique, Gómez.
9 (RLIN) 76097
700 ## - ENTRADA AGREGADA--NOMBRE PERSONAL
Nombre de persona Manrique, Jorge,
Fechas asociadas al nombre 1440?-1479
9 (RLIN) 178074
700 1# - ENTRADA AGREGADA--NOMBRE PERSONAL
Nombre de persona Beltrán, Vicenç,
Fechas asociadas al nombre 1948-
9 (RLIN) 27350
830 1# - PUNTO DE ACCESO ADICIONAL DE SERIE-TÍTULO UNIFORME
Título uniforme Biblioteca Castro
9 (RLIN) 178957
852 ## - LOCALIZACIÓN
Ubicación ES-MaACL
Número de control de estantería L-29800
Holdings
Estatus retirado Estado de pérdida Estado de daño No para préstamo Biblioteca de origen Biblioteca actual Ubicación en estantería Fecha de adquisición Fuente de adquisición Total de préstamos Signatura topográfica completa Código de barras Visto por última vez Precio de reemplazo Tipo de ítem Koha
        Biblioteca del Ateneo de Madrid Biblioteca del Ateneo de Madrid Depósito 2 05/03/2012     L-29800 1189036 23/02/2023 23/02/2023 Libro impreso